000 00472nam a2200181Ia 4500
005 20250326142239.0
008 250326s9999 xx 000 0 und d
037 _aTextbook
040 _aFMSL
_beng
_cFMSL
041 _aeng
_2eng
084 _qFMSL
100 _aBartram S
_9745798
245 0 _aTraining needs analysis
_cBartram S; Gibson B
260 _aEngland
_bEngland, Gower Publishing
_c1994
300 _a176p
942 _cTB
999 _c1294121
_d1294121